000 01311nam0a22003131 4500
001 rc\4035359
005 20250611064050.0
021 _aRU
_b[47-23448]
035 _a(NLR Aleph) 008095209
090 _a9209041
_c9209041
100 _a20130415d1947 |||y0rusy50 ca
101 0 _arus
102 _aRU
105 _aa z |||||
200 1 _aСамотечный транспорт на мельницах и элеваторах
210 _aМосква
_cИзд-во и тип. Заготиздата
_d1947
_gТип. "Кр. знамя"
215 _a176 с.
_cчерт.
_d26
300 _aПеред загл. авт.: Г.М. Левятин
320 _aБиблиогр.: с. 173 (47 назв.)
606 _aЗерно
_xПогрузка и разгрузка
_xМеханизация
_2psbo
606 _aСыпучие тела
_xДвижение по наклонной плоскости
_2psbo
606 _aЭлеваторы-зернохранилища
_xСамотечный транспорт
_2psbo
606 _aМельницы (мукомол.)
_xСамотечный транспорт
_2psbo
700 1 _aЛевятин
_bГ.М.
_gГригорий Моисеевич
801 0 _aRU
_bNLR
_gpsbo
801 1 _aRU
_bELAR
_2rusmarc
852 _aNLR
_jТ66 Г-7/24
942 _cBOOK
980 _aNB